Educación y dislexia

-д хадгалсан:
Номзүйн дэлгэрэнгүй
Үндсэн зохиолч: Tomatis, A. A (Зохиогч)
Формат: Ном
Хэл сонгох:испани
Хэвлэсэн: Madrid CEPE 1979
Цуврал:Colección educación especial
Нөхцлүүд:
Шошгууд: Шошго нэмэх
Шошго байхгүй, Энэхүү баримтыг шошголох эхний хүн болох!

MARC

LEADER 00000nam a2200000 a 4500
001 UCZ0787
003 CL-VaPUC
008 950809e19790000SP |||||||||||||||||spa|d
082 0 4 |a 371.914  |b TOM  |2 21 
100 0 |a Tomatis, A. A  |e author  |9 344055 
245 1 0 |a Educación y dislexia 
300 |a 200 p 
942 |c BK 
945 |d 19950809 00:00:00  |a cmena 
260 |a Madrid  |b CEPE  |c 1979 
650 0 |a Dislexia  |9 307487 
650 7 |a ENFERMEDADES DEL SISTEMA SENSORIAL  |2 CL-VaPUC  |9 334739 
650 7 |a PROBLEMAS DE LECTURA  |2 CL-VaPUC  |9 341778 
650 0 |a Psicolingüística   |9 283371 
650 7 |a RECEPCION AUDITIVA  |2 CL-VaPUC  |9 334603 
650 0 |a Investigación  |9 257811 
650 0 |a Terapia  |9 334442 
650 7 |a TESTS  |2 CL-VaPUC  |9 309359 
583 |a last modification  |c 19950809 00:00:00  |k Rodrigo Vera 
490 0 |a Colección educación especial 
999 |c 237693  |d 237691 
952 |0 0  |1 0  |4 0  |6 371_914000000000000_TOM_1979  |7 0  |8 P  |9 247304  |a BIBEDU  |b BIBEDU  |c BIBEDU_PB  |d 2019-11-18  |i 1555456  |o 371.914 TOM 1979  |p 1555456  |r 2024-01-25  |w 2019-11-18  |y BK  |k EDU 
952 |0 0  |1 0  |4 0  |6 371_914000000000000_TOM_1979  |7 0  |8 P  |9 247305  |a BIBEDU  |b BIBEDU  |c BIBEDU_PB  |d 2019-11-18  |i 1555464  |o 371.914 TOM 1979  |p 1555464  |r 2024-01-25  |w 2019-11-18  |y BK  |k EDU 
952 |0 0  |1 0  |4 0  |6 371_914000000000000_TOM_1979  |7 0  |8 P  |9 247306  |a BIBEDU  |b BIBEDU  |c BIBEDU_PB  |d 2019-11-18  |i 1555472  |o 371.914 TOM 1979  |p 1555472  |r 2024-01-25  |w 2019-11-18  |y BK  |k EDU